000 00777nam0a22002291 4500
001 rc\2656040
005 20110615133428.3
035 _a(NLR Aleph) 006963286
090 _a5366316
_c5366316
100 _a20110615d1932 |||y0rusy50 ca
101 0 _arus
102 _aRU
105 _ay z |||||
200 1 _aО значении золота теперь и после полной победы социализма
_fИн-т Маркса-Энгельса-Ленина при ЦК ВКП(б)
210 _aМосква
_cПарт. изд-во
_d1932
215 _a12 с.
_d20 см
700 1 _aЛенин
_bВ. И.
_f1870-1924
_gВладимир Ильич
801 0 _aRU
_bNLR
_gpsbo
801 1 _aRU
_bELAR
_2rusmarc
852 _aNLR
_bЛ
_j1-21/16-2
942 _cBOOK
980 _aNB